000 00373pab a2200145 454500
008 180718b1983 xxu||||| |||| 00| 0 eng d
100 _aKhairoowala, Zia Uddin
245 _aMaterials management
_bPrecurement priniciples and practice
260 _c1983
300 _a305-6
362 _aAug.
650 _aInventories
773 _aManagement Accountant
909 _a11330
999 _c11330
_d11330